| 000 | 00548nam a2200181 i 4500 | ||
|---|---|---|---|
| 001 | 30551 | ||
| 003 | ES-MaACL | ||
| 005 | 20250716062619.0 | ||
| 007 | t| | ||
| 008 | 030124s1918 fr ||||1| fre d | ||
| 100 | 1 |
_aBarthou, Louis ( _d1862-1934) _926135 |
|
| 245 | 1 | 4 |
_aLes amours d'un poéte _b: documents inédits sur Victor Hugo / _cLouis Barthou. |
| 260 |
_aParís : _b[s.n., _c1918] ( _fImp. Gen. Lahiers) |
||
| 300 |
_a385 p. ; _c19 cm. |
||
| 600 | 1 | 4 |
_aHugo, Victor, _d1802-1885 _964627 |
| 852 |
_aES-MaACL _jF-10977 |
||
| 999 |
_c30551 _d30551 |
||